| 000 | 00443nam a22001577a 4500 | ||
|---|---|---|---|
| 999 |
_c40999 _d40999 |
||
| 003 | OSt | ||
| 005 | 20210225131358.0 | ||
| 008 | 210224b ||||| |||| 00| 0 eng d | ||
| 020 | _a9789351872856 | ||
| 040 | _coclc | ||
| 082 |
_a332.110954 _bUNI/I |
||
| 245 |
_aIBPS Clerk : _bRecruitment of Clerical Cadre / |
||
| 260 |
_aNew Delhi: _bUnique Publishers, _c2015 |
||
| 300 | _a303p | ||
| 942 |
_2ddc _cBK _iUNI/I _k332.110954 _mUNI/I _n332.110954 |
||